Histoire Mondiale des Conflits, thématique n° 7 : « Guerre d’Algérie » (notice n° 1650992)
[ vue normale ]
| 000 -LEADER | |
|---|---|
| fixed length control field | 01809cam a2200169 4500500 |
| 005 - DATE AND TIME OF LATEST TRANSACTION | |
| control field | 20260208005210.0 |
| 041 ## - LANGUAGE CODE | |
| Language code of text/sound track or separate title | fre |
| 042 ## - AUTHENTICATION CODE | |
| Authentication code | dc |
| 100 10 - MAIN ENTRY--PERSONAL NAME | |
| Personal name | M., A. |
| Relator term | author |
| 245 00 - TITLE STATEMENT | |
| Title | Histoire Mondiale des Conflits, thématique n° 7 : « Guerre d’Algérie » |
| 260 ## - PUBLICATION, DISTRIBUTION, ETC. | |
| Date of publication, distribution, etc. | 2005.<br/> |
| 500 ## - GENERAL NOTE | |
| General note | 69 |
| 520 ## - SUMMARY, ETC. | |
| Summary, etc. | Le modèle wordnet est le plus répandu des modèles de représentation de la sémantique lexicale reposant sur un inventaire de sens a priori. A la suite du Princeton WordNet de l’anglais, des ressources de type wordnet ont été développées pour plusieurs dizaines de langues, dont le français, le plus souvent au moyen de techniques automatiques ou semi-automatiques. Dans cet article, nous revenons tout d’abord sur les caractéristiques et les limites du modèle wordnet. Nous dressons ensuite un panorama des méthodes utilisées pour le développement de wordnets, avant d’illustrer nos propres travaux dans ce domaine par le développement du WOLF, le WOrdnet Libre du Français. |
| 520 ## - SUMMARY, ETC. | |
| Summary, etc. | The wordnet model is the most widespread model for representing lexical semantics based on an a priori inventory of meanings. Following the Princeton WordNet of English, wordnet-type resources have been developed for dozens of languages, including French, most often using automatic or semi-automatic techniques. In this article, we first review the characteristics and limitations of the wordnet model. We then present a panorama of wordnet development methods. We finally illustrate our own work in this area on the development of WOLF, the free French wordnet. |
| 786 0# - DATA SOURCE ENTRY | |
| Note | Revue Historique des Armées | 238 | 1 | 2005-01-21 | p. 136-136 | 0035-3299 |
| 856 41 - ELECTRONIC LOCATION AND ACCESS | |
| Uniform Resource Identifier | <a href="https://shs.cairn.info/revue-revue-historique-des-armees-2005-1-page-136?lang=fr&redirect-ssocas=7080">https://shs.cairn.info/revue-revue-historique-des-armees-2005-1-page-136?lang=fr&redirect-ssocas=7080</a> |
Pas d'exemplaire disponible.




Réseaux sociaux